000 00298nam a2200109Ia 4500
008 200302s9999 xx 000 0 und d
100 _aLa Biennale di Vennezia
245 _aCities Architecture and Society Vol 2
260 _bRizzoli International Publications, Inc.
260 _c2010
300 _a195
999 _c5824
_d5824